| 000 | 01114cam a22002651i 4500 | ||
|---|---|---|---|
| 003 | SA-RiAUC | ||
| 005 | 20250524042757.0 | ||
| 008 | 250522s2009 mr g f000 0 ara c | ||
| 040 |
_aEG-CaDAJ _bara _cSA-RiAUC _erda |
||
| 082 | 0 | 4 | _a213 |
| 090 |
_a213 _bر هـ و |
||
| 100 | 1 |
_aالرهوني، أحمد بن محمد التطواني، _d1871-1953 _eمؤلف. |
|
| 245 | 1 | 0 |
_aتنبيه الأنام على ما في كتاب الله من المواعظ والأحكام / _cأبو العباس الرهوني التطواني ؛ تحقيق الحسن بوقسيمي. |
| 264 | 1 |
_aالرباط : _bوزارة الأوقاف والشؤون الإسلامية، _c2009 |
|
| 300 | _a2 مجلد | ||
| 336 |
_aنص _btxt _2rdacontent _3كتاب |
||
| 337 |
_aبدون وسيط _bn _2rdamedia |
||
| 338 |
_aمجلد _bnc _2rdacarrier |
||
| 630 | 2 | 7 |
_aالقرآن _xأحكام _2aucut |
| 650 | 7 |
_aالوعظ والإرشاد في القرآن _2aucsh |
|
| 700 | 1 |
_aبوقسيمي، الحسن، _d1968- _eمحقق. |
|
| 730 | 2 | 2 | _aالقرآن |
| 942 |
_2ddc _cBOOK _n0 |
||
| 949 |
_aSA-JeALM _d250522 _umohamedma123 _n1 |
||
| 999 |
_c8310 _d8310 |
||